10 công việc chuyên viên trong quản lý hành chính nhà nước : Sách phục vụ đào tạo, bồi dưỡng cán bộ, công chức

Sách cung cấp kiến thức chuyên môn cùng những kinh nghiệm rất cần thiết trong lĩnh vực hoạt động quản lý nhà nước, những kiến thức hành chính và kỹ năng hành chính và các thủ tục hành chính phải tuân theo trong quá trình thi hành công vụ....

Celý popis

Uloženo v:
Podrobná bibliografie
Hlavní autor: Đinh, Văn Mậu
Médium: Kniha
Jazyk:Undetermined
Vydáno: Hà Nội Khoa học và Kỹ thuật 2006
Témata:
Tagy: Přidat tag
Žádné tagy, Buďte první, kdo otaguje tento záznam!
Thư viện lưu trữ: Trung tâm Học liệu Trường Đại học Cần Thơ
LEADER 01111nam a2200205Ia 4500
001 CTU_214792
008 210402s9999 xx 000 0 und d
082 |a 352 
082 |b M125 
100 |a Đinh, Văn Mậu 
245 0 |a 10 công việc chuyên viên trong quản lý hành chính nhà nước : 
245 0 |b Sách phục vụ đào tạo, bồi dưỡng cán bộ, công chức 
245 0 |c Đinh Văn Mậu (Chủ biên) ; Đặng Ngọc Lâm (Biên soạn) 
260 |a Hà Nội 
260 |b Khoa học và Kỹ thuật 
260 |c 2006 
520 |a Sách cung cấp kiến thức chuyên môn cùng những kinh nghiệm rất cần thiết trong lĩnh vực hoạt động quản lý nhà nước, những kiến thức hành chính và kỹ năng hành chính và các thủ tục hành chính phải tuân theo trong quá trình thi hành công vụ. 
650 |a Hành chính công,Public administration 
904 |i Nguyên 
980 |a Trung tâm Học liệu Trường Đại học Cần Thơ